| 000 | 01040nmm a2200325 a 4500 | ||
|---|---|---|---|
| 001 | ocm0001682933 | ||
| 003 | TR-IsHL | ||
| 005 | 20201028170123.0 | ||
| 008 | 180102s2014 tu tur | ||
| 007 | cr cn | ||
| 020 | _a9786055610043 | ||
| 035 |
_a1682933 _b(N$T) |
||
| 050 | 0 | 4 |
_aBF637 _b.Y47 2014 |
| 090 | 0 | 4 |
_aBF637 _b.Y47 2014 |
| 100 | 1 | _aYeşilkaya, Yusuf | |
| 245 | 1 | 0 |
_aGönülden iste yeter _h[electronic resource] / _cYusuf Yeşilkaya |
| 250 | _aDokuzuncu basım | ||
| 260 |
_aAnkara : _bAkis Kitap, _c2014 |
||
| 300 | _a241 p. | ||
| 650 | 4 | _aFelsefe, Psikoloji ve Din | |
| 650 | 4 | _aPhilosophy, Psychology and Religion | |
| 650 | 0 | _aKendini gerçekleştirme (Psikoloji) | |
| 650 | 0 | _aSelf-actualization (Psychology) | |
| 650 | 0 | _aKişisel gelişim | |
| 650 | 0 | _aPersonality development | |
| 650 | 0 | _aPsikoloji | |
| 650 | 0 | _aPsychology | |
| 650 | 7 |
_aSELF-HELP / Personal Growth / Success _2bisacsh |
|
| 856 | 4 | 0 | _uhttp://search.ebscohost.com/login.aspx?direct=true&scope=site&db=e011xww&AN=1682933 |
| 999 |
_c16106 _d16106 |
||